000 00896nam a2200265Ia 4500
003 OSt
005 20220923231010.0
006 a|||||r|||| 00| 0
007 ta
008 220922b |||||||| |||| 00| 0 hin d
024 _a351,961
037 _cTextual
040 _aARTS
_cARTS
_bhin
041 _2hin
_ahin
082 _aO152,3x, 152J7
100 _aसांकृत्यायन, राहुल, ले.
245 0 _aजिनका मैं कृतज्ञ
246 _aJinakā maian kṛutagna
260 _aइलाहाबाद
_b किताबमहल
_c1957
300 _a264पृ.
_ccm.
650 _a हिन्दी साहित्य
_9156264
650 _aहिन्दी कहानी
942 _hO152,3x, 152J7
_cTEXL
_2CC
999 _c388692
_d388692